000 00351nam a22001457a 4500
005 20170401162436.0
008 170401b xxu||||| |||| 00| 0 eng d
020 _a978-81-219-2490-0
041 _aeng
100 _aTHERAJA,B.L
_93808
245 _aELECTRICAL TECHNOLOGY VOL III
260 _bS CHAND
_c216
650 _aENGINEERING
_93809
942 _cBK
999 _c5408
_d5406